Zefektívnenie výrobného procesu rukavíc v KZLM Tilia s. r. o. bakalárska práca

Guardado en:
Detalles Bibliográficos
Autor principal: Haluška, Róbert
Autor Corporativo: Podnikovohospodárska fakulta EU so sídlom v Košiciach. Katedra manažmentu
Otros Autores: Bašistová, Alena
Formato: Libro
Lenguaje:eslovaco
Publicado: Košice 2011
Etiquetas: Agregar Etiqueta
Sin Etiquetas, Sea el primero en etiquetar este registro!

MARC

LEADER 00000nbm a2200000 4500
001 0139469
005 20170307145520.4
041 0 |a slo 
044 |a SK 
245 1 0 |a Zefektívnenie výrobného procesu rukavíc v KZLM Tilia s. r. o.  |b bakalárska práca  |c Róbert Haluška ; školiteľ: Alena Bašistová 
264 1 |a Košice  |c 2011 
300 |a 65 s. 
100 1 |a Haluška, Róbert 
700 1 |a Bašistová, Alena 
710 2 |a Podnikovohospodárska fakulta EU so sídlom v Košiciach. Katedra manažmentu